000 00909nam a2200301Ia 4500
003 OSt
005 20220912151854.0
006 a|||||r|||| 00| 0
007 ta
008 220909b |||||||| |||| 00| 0 eng d
020 _a0750624507 (pbk)
024 _a4519
037 _cTextual
040 _aCSL
_beng
_cCSL
041 _aeng
082 _aH3:(U12), N6 Comp Room
100 _aLeyshon Peter R
245 0 _aStereographic projection techniques in structural geology
260 _aOxford
_bButterworth-Heinemann Ltd
_c1996
300 _a104p
500 _aAppendix 1-7, 93-101p; Bibliographical references p92.; Index 103-104p.
_ccm.
650 _a Map projection
650 _a Structural
650 _aGeology
700 _a Lisle Richard J
942 _hH3:(U12), N6 Comp Room
_cTEXL
_2CC
999 _c76569
_d76569